| 000 | 01121nam a2200325 a 4500 | ||
|---|---|---|---|
| 001 | 000007137 | ||
| 003 | DO-SdBNP | ||
| 005 | 20240313114916.0 | ||
| 007 | 000007137 | ||
| 008 | 090717s2012 mx 001 0 spa d | ||
| 020 | _z9786071608079 | ||
| 040 |
_aBPMSU _bspa _cBPMSU |
||
| 082 | 4 |
_aH863.08 _bP977a 2011 _222 |
|
| 245 | 1 | 0 |
_aPuertos abierto : _bantología de cuentos centroamericanos / _cselección y prólogo Sergio Ramírez. |
| 246 | 1 | 3 | _aPuertos abierto |
| 260 |
_aMéxico : _bFondo de Cultura Económica, _c2011 _b |
||
| 300 |
_a 436 p. ; _c23 cm. _b |
||
| 490 | 0 | _aTierra firme | |
| 500 | _aIncluye datos biográficos del autor en la contracubierta | ||
| 500 | _aIncluye referencias bibliográficas y notas al pie de las páginas | ||
| 590 | _aInventariado, 2024/VM | ||
| 650 | 4 |
_aCuentos centroamericanos _vColecciones |
|
| 650 | 4 |
_aVida cotidiana _vCuentos |
|
| 650 | 4 |
_aMujeres _vCuentos. |
|
| 650 | 4 |
_aVida cotidiana. _vCuentos. |
|
| 700 | 1 |
_aRamírez, Sergio. _epról. |
|
| 710 | 2 | _aFondo de Cultura Económica (México) | |
| 910 | _aVMateo V. Control de calidad BPMSU | ||
| 942 |
_2ddc _cBK |
||
| 999 |
_c14589 _d14589 |
||